The Penguin book of symptoms and early warning signs : (Record no. 132247)

MARC details
000 -LEADER
fixed length control field 00858nam a22002537a 4500
005 - DATE AND TIME OF LATEST TRANSACTION
control field 20170124110152.0
010 ## - LIBRARY OF CONGRESS CONTROL NUMBER
LC control number A-719713
020 ## - INTERNATIONAL STANDARD BOOK NUMBER
Terms of availability 00.00
International Standard Book Number 9780140174373
035 ## - SYSTEM CONTROL NUMBER
System control number A-719713
037 ## - SOURCE OF ACQUISITION
Source of stock number/acquisition Cen Lib/Ret
040 ## - CATALOGING SOURCE
Original cataloging agency DPL
Language of cataloging EN
082 ## - DEWEY DECIMAL CLASSIFICATION NUMBER
Classification number 616.047
Item number APP
100 ## - MAIN ENTRY--PERSONAL NAME
Personal name Apple, Michael
9 (RLIN) 34134
245 ## - TITLE STATEMENT
Title The Penguin book of symptoms and early warning signs :
Statement of responsibility, etc by Michael Apple [and] Jason Payne-James; edited by Roy Macgregor
Remainder of title a comprehensive new guide to self-diagnosis /
260 ## - PUBLICATION, DISTRIBUTION, ETC. (IMPRINT)
Place of publication, distribution, etc London
Name of publisher, distributor, etc Penguin Books
Date of publication, distribution, etc 1995
270 ## - ADDRESS
Address 27, Wrights Lane
City London
300 ## - PHYSICAL DESCRIPTION
Extent 496p. :
Dimensions 24cm(pbk)
Other physical details ill.
500 ## - GENERAL NOTE
General note Includes index
650 ## - SUBJECT ADDED ENTRY--TOPICAL TERM
Topical term or geographic name as entry element Medicine, Popular
9 (RLIN) 10432
650 ## - SUBJECT ADDED ENTRY--TOPICAL TERM
Topical term or geographic name as entry element Humans -- Diagnosis
9 (RLIN) 34135
700 ## - ADDED ENTRY--PERSONAL NAME
Personal name Payne-James, Jason
9 (RLIN) 34136
700 ## - ADDED ENTRY--PERSONAL NAME
Personal name Macgregor, Roy
9 (RLIN) 34137
942 ## - ADDED ENTRY ELEMENTS (KOHA)
Source of classification or shelving scheme Dewey Decimal Classification
Koha item type English Books
Classification part 616.047
Call number suffix APP
Holdings
Withdrawn status Lost status Damaged status Not for loan Home library Current library Date acquired Source of acquisition Cost, normal purchase price Total Checkouts Full call number Barcode Date last seen Copy number Cost, replacement price Price effective from Koha item type
        Central Library Central Library 21/07/2015 Cen Lib/Ret 0.00   616.047 APP A-719713 21/07/2015 1 0.00 21/07/2015 English Books

© Delhi Public Library
Hit Counter
free hit counter